Normal view
MARC view
- الرياضيات
Entry Topical Term
001 - CONTROL NUMBER
- control field: 39842
003 - CONTROL NUMBER IDENTIFIER
- control field: JO-AjAnu
005 - DATE AND TIME OF LATEST TRANSACTION
- control field: 20230606080625.0
008 - FIXED-LENGTH DATA ELEMENTS
- fixed length control field: 230606|| aca||aabn | a|a d
040 ## - CATALOGING SOURCE
- Original cataloging agency: JO-AjAnu
- Transcribing agency: JO-AjAnu
150 ## - HEADING--TOPICAL TERM
- Topical term or geographic name entry element: الرياضيات
670 ## - SOURCE DATA FOUND
- Source citation: Work cat.: (JO-AjAnu)20428: الفيومي ، محمد م. مشارك قاسم الزعبي ، عدنان الحسون , author 39841, اصول الرياضيات، ج1